[SODEP'in çeşitli rapor ve yayınları] (Record no. 8172)
[ view plain ]
| 000 -BAŞLIK | |
|---|---|
| Sabit Uzunlukta Kontrol Alanı | 01377na a2200289 4500 |
| 001 - KONTROL NUMARASI | |
| Denetim Alanı | 22649 |
| 003 - KONTROL NUMARASI IDENTIFIER | |
| Denetim Alanı | MIRAKIL |
| 005 - SON İŞLEM TARİHİ VE ZAMANI | |
| Denetim Alanı | 20181213155202.0 |
| 008 - SABİT-BOY VERİ ELEMANLARI - GENEL BİLGİLER | |
| Sabit Uzunlukta Kontrol Alanı | 170221b tu 000 0 |
| 040 ## - KATALOGLAMA KAYNAK | |
| Orijinal Kataloglama Ajansı | Milas |
| Kataloglama Dili | tur |
| Metne Dönüştürmek Ajansı | TR-AnCHP |
| 041 ## - DİL KODU | |
| Metin / Ses Parça Veya Ayrı Başlığın Dil Kodu | tur |
| 082 ## - DEWEY ONLU SINIFLANDIRMA NUMARASI | |
| Sınıflandırma Numarası | SODEP 324.172 |
| Ürün Numarası | S62 [1982-83] |
| 090 ## - SINIFLAMA NUMARASI | |
| Sınıflama Numarası | SODEP 324.172 S62 [1982-83] |
| 110 ## - ANA GİRİŞ - KURUMSAL ADI | |
| Giriş Elemanı Olarak Kurumsal Ad Veya Yargı Alanı Adı | Sosyal Demokrasi Partisi (SODEP) |
| 245 ## - BAŞLIK TABLOSU | |
| Başlık | [SODEP'in çeşitli rapor ve yayınları] |
| Sorumluluk Tablosu, Vb | SODEP |
| 260 ## - YAYIN, DAĞITIM, VB | |
| Yayın, Dağıtım, Vb Yeri | Ankara |
| Yayıncı, Dağıtıcı, Vs Adı | SODEP |
| Yayın, Dağıtım, Vb Tarihi | [1983-1984] |
| 300 ## - FİZİKSEL TANIM | |
| Kapsam | c. |
| Boyutlar | 30 |
| 440 ## - SERİSİ TABLOSU / KATMA GİRİŞİ - BAŞLIK | |
| Başlık | SODEP yayınları |
| 505 ## - BİÇİMLENDİRİLDİ İÇİNDEKİLER NOT | |
| Biçimlendirilmiş İçeriği Dikkat | Milletvekili seçim kanunu (T.C. Resmi Gazete, kanun no. 2839, kabul tarihi 10/6/1983) - Siyasi partiler kanunu (T.C. Resmi Gazete, kanun no. 2820, kabul tarihi 22/4/1983) - Türkiye Cumhuriyet Anayasası (T.C. Resmi Gazete, kanun no.2709, kabul tarihi 18/10/1982) -Sosyal Demokrasi Partisi tüzük 1983 -- Sosyal Demokrasi Partisi program 1983 ve uygulama politikaları - il ve ilçe yönetim kurulu başkanları listesi - SODEP kurucular kurulu il başkanları - SODEP parti içi eğitim, haftalık gazete yayını olabilirlik raporu -Sağlık sorunları komisyonu raporu / Türkan Akyol |
| 610 ## - KONU KATMA GİRİŞ - TOPLANTI ADI | |
| Giriş Elemanı Olarak Kurumsal Ad Veya Yargı Alanı Adı | SODEP |
| Genel Alt Bölüm | Komisyon raporları |
| 610 ## - KONU KATMA GİRİŞ - TOPLANTI ADI | |
| Giriş Elemanı Olarak Kurumsal Ad Veya Yargı Alanı Adı | SODEP |
| Genel Alt Bölüm | Programlar |
| 610 ## - KONU KATMA GİRİŞ - TOPLANTI ADI | |
| Giriş Elemanı Olarak Kurumsal Ad Veya Yargı Alanı Adı | SODEP |
| Genel Alt Bölüm | Raporlar |
| 610 ## - KONU KATMA GİRİŞ - TOPLANTI ADI | |
| Giriş Elemanı Olarak Kurumsal Ad Veya Yargı Alanı Adı | SODEP |
| Genel Alt Bölüm | Tüzük ve yönetmelikler |
| 710 ## - KATMA GİRİŞ - KURUMSAL ADI | |
| Giriş Elemanı Olarak Kurumsal Ad Veya Yargı Alanı Adı | SODEP |
| 942 ## - EKLENDİ GİRİŞ ELEMANLARI (KOHA) | |
| Sınıflandırma Veya Raf Düzeni Kaynak | |
| Koha Öğesi Türü | Books |
| 999 ## - SİSTEM KONTROL NUMARALARI (KOHA) | |
| Koha Biblionumber | 8172 |
| Koha Biblioitemnumber | 8172 |
| Kalıcı Konum | Mevcut Konum | Edinme Tarihi | Edinim Kaynak | Toplam Check-Out'Lar | Tam Çağrı Numarası | Barkod | Tarih Son Görülme | İtibaren Geçerli Fiyatlar | Sigara Kamu Notu | Koha Öğesi Türü |
|---|---|---|---|---|---|---|---|---|---|---|
| CHP Kütüphanesi | CHP Kütüphanesi | 02/21/2017 | Bağış | SODEP 324.172 S62 [1982-83] | 016230 | 02/21/2017 | 02/21/2017 | Klasör | Books |
